Score 0/144 Timer 08:00
1 Play Today
% Correct
I
97.8%
I
97.8%
I
97.8%
I
97.8%
I
97.8%
I
97.8%
I
97.8%
I --
97.8%
I
97.8%
the
97.4%
the
97.4%
the
97.4%
the
97.4%
the
97.4%
the
97.4%
the
97.4%
the
97.4%
a
97.2%
a
97.2%
a
97.2%
And
89.8%
And
89.8%
And
89.8%
And
89.8%
and
89.8%
And
89.8%
and
89.8%
and
89.8%
And
89.8%
in
89.7%
in
89.7%
In
89.7%
in
89.7%
To
88.8%
to
88.8%
on
86.2%
no
83.7%
Two
82.5%
Two
82.5%
roads
81.7%
roads
81.7%
not
81.2%
travel
79.6%
one
79.5%
one
79.5%
one
79.5%
wood,
79.4%
wood,
79.4%
% Correct
be
76.7%
be
76.7%
took
73.3%
took
73.3%
diverged
72.5%
diverged
72.5%
that
70.9%
that
70.9%
that
70.9%
could
69.9%
could
69.9%
it
69.7%
it
69.7%
less
68%
for
65.7%
for
65.7%
traveled
65%
as
64.9%
as
64.9%
as
64.9%
as
64.9%
as
64.9%
all
63.5%
yellow
62.2%
where
60.3%
has
59.2%
by,
58.2%
made
56.6%
both
56.3%
both
56.3%
Then
56.1%
difference.
56%
was
53.4%
down
52.7%
far
50.3%
there
49.3%
if
49.1%
long
48%
sorry
46.7%
looked
46.1%
other,
46.1%
traveler,
45.6%
Had
44.9%
had
44.9%
stood
44.4%
way
42.6%
way,
42.6%
this
42.4%
% Correct
just
42.2%
should
40.7%
how
40.7%
Though
40.5%
day!
38.7%
with
38.7%
bent
38.2%
undergrowth;
38%
Because
36.7%
fair,
36.6%
them
36.3%
ever
35.5%
shall
33.5%
better
32.8%
come
32.6%
wear;
32.5%
wanted
31.6%
same,
31.4%
worn
31.1%
back.
30.9%
grassy
30.7%
leaves
30.7%
claim,
30.2%
perhaps
30.1%
about
30%
having
29.9%
another
29.3%
Yet
29.1%
leads
28.9%
lay
28.2%
knowing
27.9%
trodden
27.9%
morning
27.5%
first
27.2%
black.
27.2%
step
27%
ages
26.8%
ages
26.8%
sigh
26.8%
hence:
26.2%
really
26.1%
passing
26.1%
Oh,
26.1%
telling
25.9%
equally
25.8%
kept
24.7%
doubted
23.8%
Somewhere
23.3%
Remove Ads.
Support Sporcle.
Get the best of Sporcle when you Go Orange. This ad-free experience offers more features, more stats, and more fun while also helping to support Sporcle. Thank you for becoming a member.

You're not logged in!

Compare scores with friends on all Sporcle quizzes.
OR
Log In

Show Comments

Extras

Top Quizzes Today


Score Distribution

Your Account Isn't Verified!

In order to create a playlist on Sporcle, you need to verify the email address you used during registration. Go to your Sporcle Settings to finish the process.

Report this User

Report this user for behavior that violates our Community Guidelines.

Details: